000 00924nam a2200265Ia 4500
003 Ost
005 20260507075137.0
008 260507s9999||||xx |||||||||||||| ||und||
020 _a5617249960
040 _cfsecg
041 _aara
082 _a330
100 _aرندر، باري
_eمؤلف
245 0 _aنمذجة القرارات و بحوث العمليات باستخدام صفحات الانتشار الالكترونية (على الحاسب الالي) /
_c باري رندر
260 _aالرياض:
_bدار المريخ,
_c2007
300 _a902 صفحة؛
653 _aبحوث العمليات
653 _aحاسب الى
653 _aصفحات انتشار الكترونية
653 _aقرارات
653 _aنمذجة
700 _aبالاكريشان، ناجراج
_eمؤلف ثانوي
700 _aستير، رالف
_eمؤلف ثانوي
942 _cكتاب
999 _c43280
_d43280